Obchodná spolupráca EÚ a Číny diplomová práca

Salvato in:
Dettagli Bibliografici
Autore principale: Hitková, Michaela
Ente Autore: Obchodná fakulta EU. Katedra medzinárodného obchodu
Altri autori: Vargová, Andrea
Natura: Libro
Lingua:slovacco
Pubblicazione: Bratislava 2013
Tags: Aggiungi Tag
Nessun Tag, puoi essere il primo ad aggiungerne!!

MARC

LEADER 00000nbm a2200000 4500
001 0169474
005 20161109102306.5
041 0 |a slo 
044 |a SK 
245 1 0 |a Obchodná spolupráca EÚ a Číny  |b diplomová práca  |c Michaela Hitková ; školiteľ: Andrea Vargová 
264 1 |a Bratislava  |c 2013 
300 |a 71 s. 
100 1 |a Hitková, Michaela 
700 1 |a Vargová, Andrea 
710 2 |a Obchodná fakulta EU. Katedra medzinárodného obchodu